Digital Signal Processing (Record no. 611031)
[ view plain ]
| 000 -LEADER | |
|---|---|
| fixed length control field | 00401nam a22001457a 4500 |
| 020 ## - INTERNATIONAL STANDARD BOOK NUMBER | |
| International Standard Book Number | 0071189823 |
| 040 ## - CATALOGING SOURCE | |
| Transcribing agency | NUST |
| 082 ## - DEWEY DECIMAL CLASSIFICATION NUMBER | |
| Classification number | 621.3822 |
| Author Mark | SAL |
| 100 ## - MAIN ENTRY--PERSONAL NAME | |
| Personal name | Salivahanan, S. |
| 9 (RLIN) | 103764 |
| 110 ## - MAIN ENTRY--CORPORATE NAME | |
| Corporate name or jurisdiction name as entry element | Vallavaraj, A. Gnanapriya, C. |
| 9 (RLIN) | 125266 |
| 245 ## - TITLE STATEMENT | |
| Title | Digital Signal Processing |
| 260 ## - PUBLICATION, DISTRIBUTION, ETC. | |
| Place of publication, distribution, etc. | Boston, |
| Name of publisher, distributor, etc. | McGraw-Hill, |
| Date of publication, distribution, etc. | 2000. |
| 650 ## - SUBJECT ADDED ENTRY--TOPICAL TERM | |
| Topical term or geographic name entry element | Signal processing Digital techniques |
| 9 (RLIN) | 697 |
| 942 ## - ADDED ENTRY ELEMENTS (KOHA) | |
| Source of classification or shelving scheme | |
| Koha item type | Book |
| Withdrawn status | Lost status | Source of classification or shelving scheme | Damaged status | Not for loan | Permanent Location | Current Location | Shelving location | Date acquired | Total Checkouts | Full call number | Barcode | Date last seen | Price effective from | Koha item type |
|---|---|---|---|---|---|---|---|---|---|---|---|---|---|---|
| College of Electrical & Mechanical Engineering (CEME) | College of Electrical & Mechanical Engineering (CEME) | General Stacks | 08/21/2024 | 621.3822 SAL | CEME-36270 | 08/21/2024 | 08/21/2024 | Book |
